000 00860nam a22002897a 4500
001 BR2019000959
003 BR-BrBNA
005 20230928105440.0
007 ta
008 230509b bl.||||| |||| 00| 0 por d
040 _aBR-BrBNA
_bpor
_cBiblioteca Nacional de Agricultura
041 _a(Por)
072 _aL01
_b5212
090 _ 5212 BR2019000959
100 1 _aRibeiro, A.D. (ed.)
110 1 _aAssociação Brasileira de Criadores, São Paulo, SP (Brasil)
_9271
245 1 _aFederação Paulista de Criadores de Bovinos; Associação Brasileira de Criadores; ABC desde 1926
260 3 _aSão Paulo, SP (Brasil):
_c2015.
300 _a164 p.
500 _a137 illus.
650 _aPECUÁRIA
650 _aGADO LEITEIRO
650 _aGADO DE CORTE
650 _aPRODUÇÃO ANIMAL
909 _a202309
_bLucia
_c55
_dLucia Elande
942 _cBK
999 _c85204
_d85204